[Event "Copenhagen Bronshoj-ch"]
[Site "Copenhagen"]
[Date "2023.05.11"]
[Round "7"]
[White "Andersen, Soren Mikkel"]
[Black "Gjesme, Marius Enevold"]
[Result "0-1"]
[WhiteElo "2090"]
[BlackElo "2083"]
[PlyCount "94"]
[EventDate "2023.03.09"]
[EventType "tourn"]
[EventRounds "9"]
[EventCountry "DEN"]
[SourceTitle "EXT 2024"]
[Source "ChessBase"]
[SourceDate "2023.10.10"]
[SourceVersion "1"]
[SourceVersionDate "2023.10.10"]
[SourceQuality "1"]

1. d4 d5 2. c4 c6 3. Nf3 Nf6 4. Nc3 dxc4 5. a4 Bf5 6. Ne5 Nbd7 7. Nxc4 Qc7 8. g3 e5 9. dxe5 Nxe5 10. Bf4 Nfd7 11. Bg2 f6 12. 0-0 Rd8 13. Qc1 Be6 14. Nxe5 fxe5 15. Bg5 Nf6 16. Ne4 Be7 17. a5 0-0 18. a6 Bd5 19. Bxf6 gxf6 20. axb7 Qxb7 21. Nc5 Qb6 22. Na4 Qb7 23. e4 Bf7 24. Bh3 Rd4 25. Nc5 Bxc5 26. Qxc5 Qb6 27. Qe7 Qd8 28. Rxa7 Rxe4 29. Qxd8 Rxd8 30. Bf5 Rb4 31. Bxh7+ Kxh7 32. Rxf7+ Kg6 33. Rc7 Rxb2 34. Rxc6 Rdd2 35. Rc3 e4 36. g4 Kg5 37. h3 Kf4 38. Rc5 e3 39. Rf5+ Ke4 40. Rxf6 e2 41. f3+ Ke3 42. Re6+ Kf4 43. Re1 Kxf3 44. Ra6 Rb3 45. Re6 Re3 46. Rf6+ Kg3 47. Ra6 Rd1 0-1